000 00459nam a22001337a 4500
008 151112b xxu||||| |||| 00| 0 eng d
050 _aB2948.A28 1982
100 _aAboulafia, Mitchell
_921073
245 _aThe Self-winding circle:
_ba study of Hegel's system
_c/by Mitchell Aboulafia
260 _aSt. Louis, Missouri
_bWarren H. Green
_c1982
300 _axv,107 p. ;
_c24cm.
650 _aHegel, George Wilhelm Friedrick
_921074
942 _2lcc
_cMONOGRAPH
999 _c123781
_d123781